Analysis of Management on the Development of Regional Tourism in Europe

Predkladaný príspevok sa zameriava na skúmanie dvoch dôležitých oblastí v rámci rozvoja cestovného ruchu v regióne, a to rozvojového manažmentu a spolupráce záujmových skupín v cestovnom ruchu v regióne. Hlavný cieľ predkladaného článku je trojaký: (1) identifikácia a meranie vnímanej miery problémo...

Ausführliche Beschreibung

Gespeichert in:
Bibliographische Detailangaben
1. Verfasser: Michálková, Anna, 1968-
Weitere Verfasser: Naďová Krošláková, Monika, 1975-, Čvirik, Marián, 1992-, Guaita Martínez, José Manuel
Format: Buchkapitel
Sprache:Englisch
Schlagworte:
Tags: Tag hinzufügen
Keine Tags, Fügen Sie das erste Tag hinzu!

MARC

LEADER 00000naa a2200000 4500
001 0291576
005 20250930124701.7
041 0 |a eng 
044 |a CH 
245 1 0 |a Analysis of Management on the Development of Regional Tourism in Europe  |c Anna Michálková, Monika Naďová Krošláková, Marián Čvirik, José Manuel Guaita Martínez 
520 |a Predkladaný príspevok sa zameriava na skúmanie dvoch dôležitých oblastí v rámci rozvoja cestovného ruchu v regióne, a to rozvojového manažmentu a spolupráce záujmových skupín v cestovnom ruchu v regióne. Hlavný cieľ predkladaného článku je trojaký: (1) identifikácia a meranie vnímanej miery problémov v manažmente rozvoja v cestovnom ruchu, (2) identifikácia a meranie vnímanej miery problémov spolupráce medzi záujmovými skupinami. v cestovnom ruchu, (3) skúmanie súvislostí medzi problémovými mierami riadenia rozvoja a spoluprácou záujmových skupín v cestovnom ruchu. Na základe odbornej literatúry boli identifikované kľúčové faktory (problémy) v týchto oblastiach. Následne boli vytvorené nástroje na meranie rýchlosti vývoja. Článok je podporený primárnym prieskumom, ktorého sa zúčastnilo 95 odborníkov na tému regionálneho cestovného ruchu z Európy. 
610 2 0 |a ruch cestovný 
610 2 0 |a rozvoj regionálny 
610 2 0 |a spolupráca regionálna 
610 2 0 |a manažment destinačný 
610 2 0 |a skupiny záujmové 
610 2 0 |a Európa 
100 1 |a Michálková, Anna, 1968- 
700 1 |a Naďová Krošláková, Monika, 1975- 
700 1 |a Čvirik, Marián, 1992- 
700 1 |a Guaita Martínez, José Manuel